00279 a2200121 4500001000700000020000600007040001100013100003300024240004400057245003900101300000800140362000900148185258 a  cMagnum aMoreira, Jose Carlos Barbosa10aMonteiro Lobato: textos escolhidoslpor10aMonteiro Lobato: textos escolhidos a1160 a1972